Psychology: Themes and Variations / (Record no. 595556)

000 -LEADER
fixed length control field 00376nam a22001457a 4500
020 ## - INTERNATIONAL STANDARD BOOK NUMBER
International Standard Book Number 9780357374825
040 ## - CATALOGING SOURCE
Transcribing agency DLC
082 ## - DEWEY DECIMAL CLASSIFICATION NUMBER
Classification number 610
Author Mark WEI
100 ## - MAIN ENTRY--PERSONAL NAME
Personal name Weiten, Wayne
9 (RLIN) 114153
245 ## - TITLE STATEMENT
Title Psychology: Themes and Variations /
Statement of responsibility, etc. Wayne Weiten
250 ## - EDITION STATEMENT
Edition statement 11th
260 ## - PUBLICATION, DISTRIBUTION, ETC.
Place of publication, distribution, etc. U.S.A :
Name of publisher, distributor, etc. Cengage Learning Press,
Date of publication, distribution, etc. 2022.
300 ## - PHYSICAL DESCRIPTION
Extent 573 p. ;
Other physical details ill,
Dimensions 28 cm.
942 ## - ADDED ENTRY ELEMENTS (KOHA)
Source of classification or shelving scheme
Koha item type Book
Holdings
Withdrawn status Lost status Source of classification or shelving scheme Damaged status Not for loan Permanent Location Current Location Shelving location Date acquired Source of acquisition Cost, normal purchase price Full call number Barcode Date last seen Copy number Uniform Resource Identifier Price effective from Koha item type
          NUST School of Health Sciences (NSHS) NUST School of Health Sciences (NSHS) General Stacks 08/16/2023 Prince Books, Rawalpindi 9950.00 610 WEI NSHS-1751 08/16/2023 c.1 19900.00 08/16/2023 Book
© 2023 Central Library, National University of Sciences and Technology. All Rights Reserved.